000
00289nam a2200109Ia 4500
008
200302s9999 xx 000 0 und d
100
_a
Walter Wittke
245
_a
Rock Mechanics Theory and Applications With Case Hiatories
260
_b
Springer Verlag
260
_c
1990
300
_a
1075 P.,
999
_c
2001
_d
2001